Animated Superhero Teams Quiz Stats

Quiz Updated May 31, 2016

Challenge
Share
Tweet
Score 0/20 Timer 06:00
12 Plays Today
% Correct
The Incredibles
97.1%
Teenage Mutant Ninja Turtles
94.4%
Transformers
90%
The Powerpuff Girls
89.1%
X-Men
86.5%
The Avengers
84.3%
Fantastic Four
84.1%
Justice League
82.5%
The Guardians of the Galaxy
77.9%
Teen Titans
67%
% Correct
ThunderCats
65.7%
Captain Planet and the Planeteers
60.2%
Big Hero 6
59%
Young Justice
37.6%
Team Avatar
29.2%
Crystal Gems
12%
The Justice Friends
11.3%
The Herculoids
6.5%
Underfist
2.9%
The Impossibles
2.9%

You're not logged in!

Compare scores with friends on all Sporcle quizzes.
Sign Up with Email
OR
Log In

You Might Also Like...

Show Comments

Extras

Top Quizzes Today


Score Distribution

Your Account Isn't Verified!

In order to create a playlist on Sporcle, you need to verify the email address you used during registration. Go to your Sporcle Settings to finish the process.